Inovačná aktivita podnikov služieb - aplikácia na podniky cestovného ruchu dizertačná práca
Na minha lista:
| Autor principal: | |
|---|---|
| Autor Corporativo: | |
| Outros Autores: | |
| Formato: | Livro |
| Idioma: | eslovaco |
| Publicado em: |
Bratislava
2004
|
| Assuntos: | |
| Tags: |
Sem tags, seja o primeiro a adicionar uma tag!
|
MARC
| LEADER | 00000nam$a2200000$$$4500 | ||
|---|---|---|---|
| 001 | 0100021 | ||
| 005 | 20230224095819.4 | ||
| 041 | 0 | |a slo | |
| 044 | |a SK | ||
| 245 | 1 | 0 | |a Inovačná aktivita podnikov služieb - aplikácia na podniky cestovného ruchu |b dizertačná práca |c Viera Kubičková ; škol. Mária Pachingerová |
| 264 | 1 | |a Bratislava |c 2004 | |
| 300 | |a 166 s. | ||
| 610 | 2 | 0 | |a ruch cestovný |
| 610 | 2 | 0 | |a služby |
| 610 | 2 | 0 | |a inovácia |
| 100 | 1 | |a Kubičková, Viera, 1970- | |
| 700 | 1 | |a Pachingerová, Mária | |
| 710 | 2 | |a Ekonomická univerzita v Bratislave. Obchodná fakulta | |